000 01154cam a2200229 4500
001 WB@3612-692
008 040722n2004 000 0 eng u
035 _a(Sirsi) u126914
245 _aNew figures for business rates
260 _c2004
490 _aODPM News Release
_v(2004/0173) (3)
520 _aAccording to new government figures that have been published for business rates, up to 60% of businesses could see a fall in their relative rateable values - and in their rates bills - under the 2005 rates revaluation. The figures show the overall rateable value for non-domestic properties in England will increase by 17.9%, but will not mean a corresponding increase in rates bills. The new figures break down the effects of the 2005 revaluation by region and by property types. They are available at: http://www.odpm.gov.uk/. http://www.odpm.gov.uk/pns/DisplayPN.cgi?pn_id=200 4_0173
590 _aWB
590 _aWB
650 _aBUSINESS RATES
650 _aREVALUATION
650 _aRATING REVALUATION 2005
650 _aLOCAL GOVERNMENT ACT 2003
650 _aSTATISITCS
690 _aRATING AND LOCAL TAXATION
942 _n0
999 _c117762
_d117762